| 000 | 00000nam 2200000zi 4500 |
| 001 | 9.903438 |
| 003 | CaOODSP |
| 005 | 20221107180242 |
| 006 | m o d f |
| 007 | cr bn||||||||| |
| 008 | 210920t19991999onca o f100 0 eng d |
| 020 | |a066264039X |q(print) |
| 040 | |aCaOODSP|beng|erda|cCaOODSP |
| 043 | |an-cn--- |
| 086 | 1 |aC21-406/1999E-PDF |
| 086 | 1 |aC21-406/1999 |
| 111 | 2 |aWinning at Global Infrastructure Markets : Solutions Through Partnership |d(1998 : |cOttawa, Ont.) |
| 245 | 10|aWinning at Global Infrastructure Markets : |bSolutions Through Partnership : conference report. |
| 264 | 1|aOttawa ON : |bService Industries and Capital Projects Branch, Industry Canada, |c1999. |
| 264 | 4|c©1999 |
| 300 | |a1 online resource (1 volume (various pagings)) : |billustrations |
| 336 | |atext|btxt|2rdacontent |
| 337 | |acomputer|bc|2rdamedia |
| 338 | |aonline resource|bcr|2rdacarrier |
| 500 | |aIssued also in French under title: Réussir sur les marches mondiaux : le partinariat est la solution : rapport de la conférence. |
| 500 | |a"Ottawa Congress Centre, September 14-15, 1998." |
| 500 | |a"January 1999." |
| 500 | |aDigitized edition from print [produced by Innovation, Science and Economic Development Canada]. |
| 650 | 0|aInfrastructure (Economics)|vCongresses. |
| 650 | 0|aPublic-private sector cooperation|vCongresses. |
| 650 | 0|aInvestments, Canadian|vCongresses. |
| 655 | 7|aConference papers and proceedings|2lcgft |
| 710 | 1 |aCanada. |bService Industries and Capital Projects, |eissuing body. |
| 775 | 08|tRéussir sur les marches mondiaux : |w(CaOODSP)9.903437 |
| 856 | 40|qPDF|s2.34 MB|uhttps://publications.gc.ca/collections/collection_2021/isde-ised/c21/C21-406-1999-eng.pdf |